000
00296pam a2200145 a 4500
020
_c
041
_a
eng
082
_b
MAZ
100
_a
Mazumdar D.
245
_a
A Poets Death
_h
Textual Documents
250
_a
2004.
260
_a
New Delhi :
_b
Rupa Co.
300
_a
67 pg .
930
_a
10668
999
_c
87572
_d
87572